Etica en la práctica de la conservación ¿Un juramento ético para los profesionales del ambiente? /

Guardado en:
Bibliografiske detaljer
Hovedforfatter: Gudynas, Eduardo
Format: Texto
Fag:
Tags: Tilføj Tag
Ingen Tags, Vær først til at tagge denne postø!

MARC

LEADER 00000 a a2200000 04500
001 556
003
040
100 |a Gudynas, Eduardo  
245 |a Etica en la práctica de la conservación ¿Un juramento ético para los profesionales del ambiente? /  |c Eduardo Gudynas 
650 |a MEDIO AMBIENTE  
650 |a ETICA  
650 |a INVESTIGACION AMBIENTAL  
650 |a EDUCACION AMBIENTAL  
773 |g número 52; páginas 1-6  
999 |c 27926  |d 27926